Music Quiz

Random Music or Lyrics Quiz
Score 0/20 Timer 06:00
0 Plays Today
% Correct
Perfect by Ed Sheeran
69.3%
New Rules by Dua Lipa
65.8%
Wild Thoughts by DJ Khaled (ft. Rihanna)
61.9%
Thunder by Imagine Dragons
56.8%
Bad At Love by Halsey
53.8%
Look What You Made Me Do by Taylor Swift
52.9%
Him & I by G-Eazy (ft. Halsey)
51.4%
1-800-273-8255 by Logic (ft. Alessia Cara & Khalid)
51.1%
Too Good At Goodbyes by Sam Smith
48.1%
What About Us by P!nk
46.7%
% Correct
River by Eminem (ft. Ed Sheeran)
46.2%
What Lovers Do by Maroon 5 (ft. SZA)
44.9%
Body Like a Back Road by Sam Hunt
44.3%
Chained to the Rhythm by Katy Perry (ft. Skip Marley)
42.4%
Wolves by Selena Gomez & Marshmello
41.7%
Feel It Still by Portugal. The Man
36.5%
How Long by Charlie Puth
35.5%
Young Dumb & Broke by Khalid
35.2%
Lemon by N.E.R.D. (ft. Rihanna)
24.3%
One Foot by WALK THE MOON
16.3%
Remove Ads.
Support Sporcle.
Get the best of Sporcle when you Go Orange. This ad-free experience offers more features, more stats, and more fun while also helping to support Sporcle. Thank you for becoming a member.

You're not logged in!

Compare scores with friends on all Sporcle quizzes.
OR
Log In

Show Comments

Extras

Top Quizzes Today


Score Distribution

Your Account Isn't Verified!

In order to create a playlist on Sporcle, you need to verify the email address you used during registration. Go to your Sporcle Settings to finish the process.

Report this User

Report this user for behavior that violates our Community Guidelines.

Details: